Steven Universe - Let Me Drive My Van (into Your Heart) - Lyrics Quiz - Statistics

General Stats
  • This quiz has been taken 24 times
  • The average score is 119 of 141
Answer Stats
Character Lyrics % Correct
drive
100%
hear
100%
heart
100%
Greg Universe I
100%
into
100%
let
100%
Let
100%
me
100%
my
100%
not
100%
tall
100%
van
100%
your
100%
But
92%
I'm
92%
know
92%
smart
92%
that
92%
So
83%
a
75%
rich
67%
And
58%
on
58%
part
58%
start
58%
to
58%
trying
58%
we
58%
working
58%
baby,
50%
get
50%
got
50%
I've
50%
of
50%
out
50%
don't
42%
have
42%
if
42%
I'll
42%
outer
42%
plan
42%
space
42%
us
42%
Well,
42%
At
33%
can't
33%
least
33%
okay
33%
place
33%
that's
33%
Where
33%
look
25%
say
25%
what
25%
people
17%
No matching quizzes found
Score Distribution
Percent of People with Each Score
Percentile by Number Answered
Your Score History
You have not taken this quiz